| 000 | 00657nam a22002057a 4500 | ||
|---|---|---|---|
| 005 | 20240215153549.0 | ||
| 010 | _aENG-139247 | ||
| 020 |
_a9789356066939 _c685.00 |
||
| 035 | _aEN-122779 | ||
| 037 | _bDBAD/PUB | ||
| 082 |
_a540 _26 |
||
| 100 |
_aSinghal, A.K _962165 |
||
| 245 |
_a2023 JEE Main Chemistry/ _cBy A.K Singhal and U.K Singhal |
||
| 250 | _a6 | ||
| 260 |
_aUttar Pradesh _bPearson India Education Pvt Ltd _c2023 |
||
| 270 |
_bUttar Pradesh _a15th FLoor, Tower-B, World Trade Tower, Plot No.1, Block- C, Sector-16, Noida _e201301 |
||
| 300 |
_avpp. _c28cm(pb) _bIndex |
||
| 490 | _aVol 1 | ||
| 942 |
_2ddc _cEN _h540 _mSIN _e6 |
||
| 999 |
_c200810 _d200810 |
||